| 000 | 00655nam a2200217Ia 4500 | ||
|---|---|---|---|
| 003 | GCL | ||
| 008 | 140319s9999 xx 000 0 ara d | ||
| 040 |
_aGCL / _cGCL |
||
| 082 | 0 | 4 |
_a301.32 _bح د |
| 100 | 1 | _aعبدالحميد لطفى (تحقيق) | |
| 245 | 1 | 0 |
_aدراسات فى علم السكان / _cعبدالحميد لطفى (تحقيق) |
| 700 | 1 | _aحسن الساعاتى | |
| 300 | _a160 ص | ||
| 490 | _a | ||
| 650 | 0 | 4 | _aالسكان - علم |
| 650 | 0 | 4 | _aالجغرافيا البشرية |
| 650 | 0 | 4 | _aتعداد السكان |
| 650 | 0 | 4 | _aالاحصائيات الحيوية |
| 650 | 0 | 4 | _aالمواليد |
| 942 |
_2ddc _cBK |
||
| 999 |
_c37749 _d37749 |
||